000 00265nam a22001217a 4500
041 _aENG
100 _aV.P Kudesia
245 _aPollution (Everywhere
260 _aDelhi
_bPragati Prakashan Meerut
_c1992
300 _a383
650 _aM.Tech
856 _uM.Tech
999 _c2676
_d2676